000 00484nam a22002053 4500
001 76302
005 20260415144532.0
010 _a978-84-663-7294-7
090 _a76302
100 _a20260415d2023 m||y0pory50 ba
101 0 _aspa
102 _aES
200 1 _aEl secreto
_fDonna Tartt
210 _aBarcelona
_cDebols!llo
_d2023
215 _a769, [2] p.
606 _aLiteratura estrangeira
_92081
606 _aLn˕gua espanhola
_91940
675 _a85
_zspa
801 _aES
942 _cMON
_n0